000
00320nam a2200145Ia 4500
003
OSt
005
20240326111310.0
008
170523s9999 xx 000 0 und d
020
_a
978-9353060428
040
_c
IIMT UNIVERSITY, MEERUT
100
_a
MANNING
245
0
_a
SELLING TODAY
260
_b
PHI
942
_2
ddc
_c
02
999
_c
1914
_d
1914